000 00766cam3a220022900 4500
001 qce00409708
005 20190830102949.0
008 720121s1964 enk 000 0 eng u
010 _a 65053367
035 _a(Sirsi) r111160
035 _a(QCAT)lss00153972
035 _a(UPRA)qce00409708
040 _dUPRA
100 1 _aPapadatos, Petros Achilleos, 1924-
_dPapadatos, Petros Achilleos, 1924-
_6A71453.1
245 1 4 _aThe Eichmann trial /
_cby Peter Papadatos.
260 _aLondon :
_bStevens,
_c1964.
504 _aBibliography: p. 125-129.
504 _aBibliographical footnotes.
600 1 0 _aEichmann, Adolf, 1906-1962.
_dEichmann, Adolf, 1906-1962.
_6S47079.1
949 _aK647
_wlcc
_i33729001723894
_mMAIN
_p2500
_tBOOK
_lON-SHELF
004 111160
999 _c184205
_d184205